Las 7 recomendaciones de política pública para atraer inversiones a Latinoamérica en la era de la revolución digital / (Registro nro. 3807)

Detalles MARC
000 -LEADER
fixed length control field 01281nam a2200229Ia 4500
003 - CONTROL NUMBER IDENTIFIER
control field OSt
005 - DATE AND TIME OF LATEST TRANSACTION
control field 20200702110323.0
008 - FIXED-LENGTH DATA ELEMENTS--GENERAL INFORMATION
fixed length control field 191128s2017 ck ao fr 000 0 spa d
040 ## - CATALOGING SOURCE
Original cataloging agency CO-JMCR
Transcribing agency CO-JMCR
041 0# - LANGUAGE CODE
Language code of text/sound track or separate title spa
082 04 - DEWEY DECIMAL CLASSIFICATION NUMBER
Classification number 336.01 /
Item number S573s
Edition number 23
245 13 - TITLE STATEMENT
Title Las 7 recomendaciones de política pública para atraer inversiones a Latinoamérica en la era de la revolución digital /
246 ## - VARYING FORM OF TITLE
Title proper/short title Las siete recomendaciones de política pública para atraer inversiones a Latinoamérica en la era de la revolución digital
260 ## - PUBLICATION, DISTRIBUTION, ETC.
Place of publication, distribution, etc. [Bogotá] :
Name of publisher, distributor, etc. AT&T,
Date of publication, distribution, etc. [2017]
300 ## - PHYSICAL DESCRIPTION
Extent 78 páginas :
Other physical details ilustraciones y fotografías a color ;
Dimensions 22 cm.
505 0# - FORMATTED CONTENTS NOTE
Formatted contents note Desencadenado el potencial de la economía digital en Latinoamérica -- Beneficiándose de la segunda revolución digital -- Establecer un marco legal apropiado par la inversión
520 3# - SUMMARY, ETC.
Summary, etc. Esta guía incluye siete recomendaciones de política pública orientadas a incentivar la inversión para expandir las redes de comunicaciones y, con ello, impulsar el crecimiento económico y el desarrollo social en América Latina.
650 14 - SUBJECT ADDED ENTRY--TOPICAL TERM
Topical term or geographic name entry element Política pública
Geographic subdivision América Latina
9 (RLIN) 6450
650 14 - SUBJECT ADDED ENTRY--TOPICAL TERM
Topical term or geographic name entry element Inversión
Geographic subdivision América Latina
9 (RLIN) 6451
650 14 - SUBJECT ADDED ENTRY--TOPICAL TERM
Topical term or geographic name entry element Infraestructura
Geographic subdivision América Latina
9 (RLIN) 6452
942 ## - ADDED ENTRY ELEMENTS (KOHA)
Source of classification or shelving scheme Dewey Decimal Classification
Koha item type Books
Existencias
Withdrawn status Lost status Source of classification or shelving scheme Damaged status Not for loan Collection code Home library Current library Date acquired Source of acquisition Cost, normal purchase price Total Checkouts Full call number Barcode Date last seen Copy number Koha item type
    Dewey Decimal Classification     Non-fiction Biblioteca Pública José María del Castillo y Rada Biblioteca Pública José María del Castillo y Rada 12/01/2017 Donación 0.00   336.01 / S573s 201808258 05/16/2024 Ej.1 Books